Otros te llaman /

Furkejuvvon:
Bibliográfalaš dieđut
Váldodahkki: Carrión Beltrán, Luis (autor)
Materiálatiipa: Girji
Giella:espánnjágiella
Almmustuhtton: México : Gernika : Secretaría de Educación Pública, 1986, c1986
Ráidu:(El Nigromante. Creación ; 7)
Fáttát:
Fáddágilkorat: Lasit fáddágilkoriid
Eai fáddágilkorat, Lasit vuosttaš fáddágilkora!

MARC

LEADER 00000nam^a2200000^a^4500
001 000022249
005 20250521000000.0
009 20260310084449.798
020 |a 968-29-1043-9 
037 |a Acervo ITESO - Biblioteca 
041 |a ESP 
082 |a 863.  |b CAR 
100 |a Carrión Beltrán, Luis  |e (autor) 
245 1 0 |a Otros te llaman /  |c L. Carrión Beltrán. 
264 4 |a México :  |b Gernika :  |b Secretaría de Educación Pública,  |c 1986, c1986 
300 |a 300 p. 
336 |a texto  |b txt  |2 rdacontenido 
337 |a sin mediación  |b n  |2 rdamedio 
338 |a volumen  |b nc  |2 rdasoporte 
440 4 |p (El Nigromante.  |p Creación ;  |v 7) 
649 |a XX 
650 |a Novela Mexicana 
650 |a Literatura Mexicana -  |y Siglo XX 
910 |a Fondo General 
920 |a Impresos - Libros 
930 |a Colección General 
940 |a Literatura 
905 |a 101 
901 |a 0222490100  |b IT1  |c LIT  |i 022249  |u 20250521 
902 |a https://opac.biblio.iteso.mx/vufind/Record/000022249